INDIAN BAR REVIEW , VOL-48 [3&4]2021 (Record no. 8347)

MARC details
000 -LEADER
fixed length control field 00436nam a22001697a 4500
005 - DATE AND TIME OF LATEST TRANSACTION
control field 20230727123402.0
008 - FIXED-LENGTH DATA ELEMENTS--GENERAL INFORMATION
fixed length control field 230727b |||||||| |||| 00| 0 eng d
020 ## - INTERNATIONAL STANDARD BOOK NUMBER
ISBN 978-81-931981-0-0
041 ## - LANGUAGE CODE
Language code of text/sound track or separate title eng
082 ## - DEWEY DECIMAL CLASSIFICATION NUMBER
Classification number 345.400 5
100 ## - MAIN ENTRY--AUTHOR NAME
Personal name DHAL, DEBI PRASHAD
245 ## - TITLE STATEMENT
Title INDIAN BAR REVIEW , VOL-48 [3&4]2021
260 ## - PUBLICATION, DISTRIBUTION, ETC. (IMPRINT)
Place of publication NEW DELHI
Name of publisher BAR COUNCIL OF INDIA TRUST
Year of publication 2021
300 ## - PHYSICAL DESCRIPTION
Number of Pages 388;P
650 ## - SUBJECT ADDED ENTRY--TOPICAL TERM
Topical Term LAW
942 ## - ADDED ENTRY ELEMENTS (KOHA)
Koha item type Books
Holdings
Lost status Damaged status Collection code Home library Current library Shelving location Date acquired Source of acquisition Cost, normal purchase price Full call number Accession Number Koha item type
    LAW JRU Library JRU Library SHELF-33-F 27/07/2023 PURCHASE 16200.00 345.400 5 27763 Books
    LAW JRU Library JRU Library SHELF-33-F 27/07/2023 PURCHASE 16200.00 345.400 5 27764 Books
    LAW JRU Library JRU Library SHELF-33-F 27/07/2023 PURCHASE 16200.00 345.400 5 27765 Books
    LAW JRU Library JRU Library SHELF-33-F 27/07/2023 PURCHASE 16200.00 345.400 5 27766 Books
    LAW JRU Library JRU Library SHELF-33-F 27/07/2023 PURCHASE 16200.00 345.400 5 27767 Books
    LAW JRU Library JRU Library SHELF-33-F 27/07/2023 PURCHASE 16200.00 345.400 5 27768 Books
    LAW JRU Library JRU Library SHELF-33-F 27/07/2023 PURCHASE 16200.00 345.400 5 27769 Books
    LAW JRU Library JRU Library SHELF-33-F 27/07/2023 PURCHASE 16200.00 345.400 5 27770 Books
    LAW JRU Library JRU Library SHELF-33-F 27/07/2023 PURCHASE 16200.00 345.400 5 27771 Books
    LAW JRU Library JRU Library SHELF-33-F 27/07/2023 PURCHASE 16200.00 345.400 5 27772 Books